000 00600nam a22001937a 4500
005 20180411114004.0
010 _aENG-122468
020 _a9788171395248
_c950.00
035 _aEN-106000
037 _bDBAD/PUB
082 _a338.60954
100 _aChauhan, R.K.
245 _aCorporate governance in india /
_cby R.K. Chauhan
260 _aNew Delhi
_bJnanada Prakashan (P&D)
_c2012
270 _a4837/2, 24, Ansari Road, Daryaganj,
_bNew Delhi
_e110002
300 _a287p.
_bill.
_c21cm(Hb)
500 _aInclude bibliography [and] index
942 _2ddc
_cEN
_mCHA
_h338.60954
999 _c150707
_d150707